Pohádky Boženy Němcové /
Titul Pohádky Boženy Němcové s dramatizovanými i vyprávěnými pohádkami Král času, O neposlušných kozlatech, O bílém hadu, O perníkové chaloupce, Pohádka o Popelce a Čert a Káča je vydán pouze pro digitální obchody. Známé i méně známé pohádky vypráví a hrají Karel Höger, Antonín Jedlička, Marie Glázr...
Uloženo v:
| Hlavní autor: | |
|---|---|
| Další autoři: | , , , , |
| Médium: | E-audiokniha |
| Vydáno: |
Praha :
Supraphon a.s.,
2018
|
| Tagy: |
Žádné tagy |
| LEADER | 01767nim a22003497i 4500 | ||
|---|---|---|---|
| 001 | 313287 | ||
| 007 | sr nunnnnnnned | ||
| 024 | |a 859692502452 | ||
| 044 | |a xr | ||
| 100 | 1 | |a Němcová, Božena |4 aut | |
| 245 | 1 | 0 | |a Pohádky Boženy Němcové / |c Němcová, Božena |
| 264 | 1 | |a Praha : |b Supraphon a.s., |c 2018 | |
| 300 | |a 1 online zdroj (1 hod., 19 min., 23 sek.) | ||
| 336 | |a mluvené slovo |b spw |2 rdacontent | ||
| 337 | |a audio |b s |2 rdamedia | ||
| 338 | |a online zdroj |b cr |2 rdacarrier | ||
| 505 | 0 | 0 | |t Král èasu (6 min., 37 sek.) |
| 505 | 0 | 0 | |t O neposluných kozlatech (3 min., 50 sek.) |
| 505 | 0 | 0 | |t O bílém hadu (40 min., 8 sek.) |
| 505 | 0 | 0 | |t O perníkové chaloupce (7 min., 9 sek.) |
| 505 | 0 | 0 | |t Pohádka o Popelce (7 min., 19 sek.) |
| 505 | 0 | 0 | |t Èert a Káèa (14 min., 15 sek.) |
| 520 | 2 | |a Titul Pohádky Boženy Němcové s dramatizovanými i vyprávěnými pohádkami Král času, O neposlušných kozlatech, O bílém hadu, O perníkové chaloupce, Pohádka o Popelce a Čert a Káča je vydán pouze pro digitální obchody. Známé i méně známé pohádky vypráví a hrají Karel Höger, Antonín Jedlička, Marie Glázrová, Řanda Čestmír, Ladislav Pešek a mnoho dalších známých herců. | |
| 700 | 1 | |a Höger, Karel |4 nrt | |
| 700 | 1 | |a Jedlička, Antonín |4 nrt | |
| 700 | 1 | |a Glázrová, Marie |4 nrt | |
| 700 | 1 | |a Pešek, Ladislav |4 nrt | |
| 700 | 1 | |a Řanda, Čestmír |4 nrt | |
| 910 | |a RBIT002 | ||
| 998 | |d 402290 |a https://core.palmknihy.cz/api/books/402290/cover?sh6w64 |b https://core.palmknihy.cz/api/books/402290/cover/400?sh6w64 |c https://core.palmknihy.cz/api/books/402290/cover/50?sh6w64 |e 2099-01-01 |i 859692502452 |l 4763 |q 49 |r 1 |s https://www.palmknihy.cz/kniha/402290 |t audiobook |y 2018 |z 1 | ||
| 999 | |d 313285 | ||